[Event "Rated Blitz game"]
[Site "?"]
[Date "2021.10.26"]
[Round "?"]
[White "JoeFr"]
[Black "Annali-annaliew1979"]
[Result "1-0"]
[WhiteElo "2506"]
[BlackElo "2454"]
[PlyCount "153"]
[EventDate "2021.??.??"]
[EventType "blitz"]

1. e4 e5 2. Nf3 d5 3. exd5 e4 4. Qe2 f5 5. d3 Nf6 6. dxe4 fxe4 7. Nc3 Be7 8.
Nxe4 Nxe4 9. Qxe4 O-O 10. Be3 Bd6 11. Bd3 Bf5 12. Qc4 Bxd3 13. Qxd3 Nd7 14.
O-O-O Qe8 15. Kb1 a6 16. h4 Ne5 17. Nxe5 Bxe5 18. Qe4 Bd6 19. Qxe8 Raxe8 20. h5
b5 21. h6 g6 22. Rh4 b4 23. b3 a5 24. Rdd4 Rf5 25. Rd3 Kf7 26. Kc1 g5 27. Rh1
Kg6 28. Kd2 Ree5 29. Ke2 Rxd5 30. Rxd5 Rxd5 31. Rd1 Re5 32. g4 Kxh6 33. Kf3 Kg6
34. Rd4 Re6 35. Rd5 c5 36. Rxg5+ Kf7 37. Rh5 Kg6 38. Rd5 h6 39. Bxc5 Bxc5 40.
Rxc5 Rd6 41. Rxa5 Rc6 42. Kg3 Rxc2 43. f4 Rc3+ 44. Kh4 Rf3 45. Ra6+ Kg7 46. f5
Rf2 47. Rb6 Rxa2 48. Rxb4 Rh2+ 49. Kg3 Rb2 50. Rb7+ Kf6 51. Rb6+ Kg7 52. Kf4
Re2 53. b4 Rf2+ 54. Ke5 Re2+ 55. Kf4 Rf2+ 56. Kg3 Rb2 57. b5 Rb1 58. Rg6+ Kh7
59. b6 Rb4 60. Kf3 Rb5 61. Ke4 Rb4+ 62. Kd5 Rb5+ 63. Kc6 Rb4 64. b7 Rc4+ 65.
Kd7 Rd4+ 66. Kc7 Rb4 67. Rc6 Rxg4 68. b8=Q Rg7+ 69. Kd6 h5 70. Rc7 Rxc7 71.
Qxc7+ Kh6 72. Ke5 Kg5 73. f6 h4 74. Qg7+ Kh5 75. f7 h3 76. f8=Q h2 77. Qfh8# {
Normal} 1-0

[Event "Rated Blitz game"]
[Site "?"]
[Date "2021.10.26"]
[Round "?"]
[White "Frogkiller"]
[Black "MischieviousPawn"]
[Result "1-0"]
[WhiteElo "2512"]
[BlackElo "2509"]
[PlyCount "31"]
[EventDate "2021.??.??"]
[EventType "blitz"]

1. e4 e5 2. Nf3 d5 3. Nxe5 Bd6 4. d4 dxe4 5. Nc4 Nf6 6. Bg5 Nc6 7. Nc3 Bf5 8.
Be2 O-O 9. O-O Nxd4 10. Ne3 Nxe2+ 11. Qxe2 Bg6 12. Ncd5 Be5 13. Rad1 Qe8 14.
Bxf6 gxf6 15. Ng4 c6 16. Ndxf6+ {Normal} 1-0

[Event "Rated Blitz tournament mfEOuhLn"]
[Site "?"]
[Date "2021.10.26"]
[Round "?"]
[White "Machinegunusa"]
[Black "CaroyinixDiscomix"]
[Result "1-0"]
[WhiteElo "2676"]
[BlackElo "2397"]
[PlyCount "51"]
[EventDate "2021.??.??"]
[EventType "blitz"]

1. e4 e5 2. Nf3 d5 3. exd5 e4 4. Ne5 Qxd5 5. d4 exd3 6. Nxd3 Nf6 7. Nc3 Qf5 8.
g3 Bd6 9. Bg2 O-O 10. O-O Nc6 11. Bf4 Re8 12. Bxd6 cxd6 13. Nf4 Be6 14. Qxd6
Rad8 15. Qc7 Nd4 16. Qxb7 Nxc2 17. Rad1 Bc4 18. Rxd8 Rxd8 19. Rc1 g5 20. Nh3
Rd2 21. Qxa7 Ng4 22. b3 Be6 23. Ne4 Re2 24. Nexg5 Nxf2 25. Nxe6 fxe6 26. Nxf2 {
Normal} 1-0

[Event "Rated Blitz game"]
[Site "?"]
[Date "2021.10.26"]
[Round "?"]
[White "chessbraht"]
[Black "khalid_ontawar"]
[Result "0-1"]
[WhiteElo "2457"]
[BlackElo "2447"]
[PlyCount "34"]
[EventDate "2021.??.??"]
[EventType "blitz"]

1. e4 e5 2. Nf3 d5 3. Nxe5 Qe7 4. d4 f6 5. Nf3 dxe4 6. Nfd2 Nc6 7. c3 Bd7 8.
Bc4 O-O-O 9. O-O f5 10. Nb3 Nf6 11. Nc5 Qe8 12. b4 Qg6 13. Qe2 Bd6 14. Nxd7
Rxd7 15. Nd2 Bxh2+ 16. Kxh2 Ng4+ 17. Kg1 Qh5 {Normal} 0-1

[Event "Rated Blitz game"]
[Site "?"]
[Date "2021.10.26"]
[Round "?"]
[White "Gop-gop"]
[Black "MischieviousPawn"]
[Result "0-1"]
[WhiteElo "2532"]
[BlackElo "2512"]
[PlyCount "94"]
[EventDate "2021.??.??"]
[EventType "blitz"]

1. e4 e5 2. Nf3 d5 3. Nxe5 Bd6 4. d4 dxe4 5. Nc4 Nf6 6. Nc3 Nc6 7. Ne3 O-O 8.
Be2 Re8 9. h3 h6 10. O-O Nxd4 11. Bc4 a6 12. a4 Be6 13. Bxe6 Rxe6 14. Ncd5 Nxd5
15. Qxd4 Nxe3 16. Bxe3 Be5 17. Qb4 b6 18. Rad1 Qe7 19. Qc4 Bxb2 20. Qd5 Re8 21.
c4 Ba3 22. Qf5 Rf6 23. Qg4 Qe6 24. Qh5 Bd6 25. c5 Rf5 26. Qg4 Bxc5 27. Qg3 Bd6
28. Qg4 a5 29. Rc1 Rf6 30. Rfd1 Rg6 31. Qh4 f5 32. Bf4 Be7 33. Qh5 c5 34. Rd2
Bg5 35. Bxg5 Rxg5 36. Qh4 e3 37. Re2 exf2+ 38. Rxf2 Qe3 39. Rcf1 Re4 40. g4
fxg4 41. Kh1 Qxh3+ 42. Qxh3 gxh3 43. Kh2 Rxa4 44. Rf8+ Kh7 45. Kxh3 Rb4 46.
R1f7 Rb1 47. Ra7 Rh1# {Normal} 0-1

[Event "Rated Blitz game"]
[Site "?"]
[Date "2021.10.26"]
[Round "?"]
[White "Mescalero81"]
[Black "Annali-annaliew1979"]
[Result "1-0"]
[WhiteElo "2628"]
[BlackElo "2463"]
[PlyCount "135"]
[EventDate "2021.??.??"]
[EventType "blitz"]

1. e4 e5 2. Nf3 d5 3. exd5 e4 4. Qe2 f5 5. d3 Nf6 6. Nc3 Bb4 7. dxe4 Bxc3+ 8.
bxc3 fxe4 9. c4 O-O 10. Nd4 c5 11. Nb3 Bf5 12. Bb2 Nbd7 13. h3 a5 14. a4 Bg6
15. Qe3 b6 16. Be2 Nh5 17. O-O Nf4 18. Bg4 h5 19. Bxd7 Qxd7 20. Be5 Qf5 21.
Bxf4 Qxf4 22. Rae1 Qe5 23. Nc1 Rae8 24. Ne2 Qb2 25. Qc3 Qb4 26. Rb1 Qxc3 27.
Nxc3 e3 28. fxe3 Bxc2 29. Rxf8+ Kxf8 30. Rxb6 Rxe3 31. d6 Rxc3 32. Rb8+ Kf7 33.
d7 Rd3 34. d8=Q Rxd8 35. Rxd8 Bxa4 36. Ra8 Bb3 37. Rxa5 Bxc4 38. Rxc5 Be2 39.
Kf2 Bd1 40. Ke1 Bb3 41. Rxh5 g6 42. Rc5 Kg7 43. Kf2 Kh6 44. Rc3 Bd5 45. h4 Be6
46. Kg3 Bf5 47. Rc5 Bd3 48. Kf4 Bb1 49. g4 Bd3 50. Rc7 g5+ 51. hxg5+ Kg6 52.
Rc6+ Kg7 53. Rd6 Be2 54. Ke5 Bxg4 55. Kf4 Bh3 56. g6 Kh6 57. Ke5 Bg4 58. Kf6
Be2 59. Rd2 Bh5 60. Rg2 Bf3 61. Rg3 Bh5 62. g7 Bf7 63. Rh3+ Bh5 64. Rxh5+ Kxh5
65. g8=Q Kh4 66. Qg2 Kh5 67. Qg3 Kh6 68. Qh4# {Normal} 1-0

[Event "Rated Blitz game"]
[Site "?"]
[Date "2021.10.26"]
[Round "?"]
[White "funchess21"]
[Black "khalid_ontawar"]
[Result "0-1"]
[WhiteElo "2517"]
[BlackElo "2446"]
[PlyCount "122"]
[EventDate "2021.??.??"]
[EventType "blitz"]

1. e4 e5 2. Nf3 d5 3. exd5 e4 4. Qe2 Nf6 5. Nc3 Bf5 6. d3 Bb4 7. Bd2 Bxc3 8.
Bxc3 O-O 9. Bxf6 exf3 10. Bxd8 fxe2 11. Bxc7 exf1=Q+ 12. Kxf1 Na6 13. Ba5 b6
14. Bc3 Rfd8 15. f3 Rxd5 16. Kf2 Re8 17. Rae1 Rdd8 18. Rxe8+ Rxe8 19. Re1 Rxe1
20. Bxe1 f6 21. Ke3 Kf7 22. Bg3 Nc5 23. b4 Ne6 24. a4 a6 25. b5 axb5 26. axb5
Ke7 27. c4 Kd7 28. Bf2 Bg6 29. h4 h5 30. g4 Kd6 31. Bg3+ Kc5 32. Bf2 Kb4 33.
Kd2 Nc5 34. d4 Nb3+ 35. Ke3 Kxc4 36. Kf4 Nxd4 37. gxh5 Bxh5 38. Kg3 Kd5 39. Kf4
Bxf3 40. h5 Bxh5 41. Kg3 Be2 42. Kg2 Bxb5 43. Kg3 Bd3 44. Be3 b5 45. Kf2 b4 46.
Bd2 b3 47. Bc3 Ne2 48. Ba1 Kc4 49. Bb2 Nd4 50. Ke3 Nc2+ 51. Kd2 Nb4 52. Bc1 f5
53. Bb2 g5 54. Bc1 g4 55. Bb2 g3 56. Bd4 f4 57. Kc1 Kxd4 58. Kd2 f3 59. Kc1 g2
60. Kd2 b2 61. Kd1 Ke3 {Time forfeit} 0-1

[Event "Rated Blitz game"]
[Site "?"]
[Date "2021.10.26"]
[Round "?"]
[White "malcriado007"]
[Black "MischieviousPawn"]
[Result "0-1"]
[WhiteElo "2568"]
[BlackElo "2517"]
[PlyCount "90"]
[EventDate "2021.??.??"]
[EventType "blitz"]

1. e4 e5 2. Nf3 d5 3. Nxe5 Bd6 4. d4 dxe4 5. Nc4 Nf6 6. Nxd6+ Qxd6 7. Nc3 Nc6
8. Be3 Ng4 9. Nxe4 Qe7 10. Qf3 f5 11. d5 fxe4 12. Qd1 Nxe3 13. fxe3 Ne5 14. Qd4
O-O 15. O-O-O Ng4 16. Rd2 Qe5 17. Qc5 b6 18. Qc6 Bf5 19. d6 cxd6 20. Rd5 Rac8
21. Qb5 Qf6 22. Bc4 Be6 23. Rd4 Bxc4 24. Rxc4 Nxe3 25. Rxc8 Rxc8 26. Qb3+ Nc4
27. Rd1 Qf4+ 28. Kb1 h6 29. a3 Kh7 30. Ka2 Ne3 31. Rd2 Nf5 32. Rd5 Rc5 33. Rd1
d5 34. Qa4 a5 35. c3 e3 36. Qe8 Qe4 37. Qf7 e2 38. Re1 d4 39. cxd4 Nxd4 40. Qf2
Re5 41. g4 Nc2 42. Rc1 e1=Q 43. Rxc2 Qxf2 44. Rxf2 Qc4+ 45. Kb1 Re1# {Normal}
0-1

[Event "Rated Blitz game"]
[Site "?"]
[Date "2021.10.26"]
[Round "?"]
[White "KPsycow1"]
[Black "Annali-annaliew1979"]
[Result "0-1"]
[WhiteElo "2511"]
[BlackElo "2453"]
[PlyCount "92"]
[EventDate "2021.??.??"]
[EventType "blitz"]

1. e4 e5 2. Nf3 d5 3. Nxe5 Qe7 4. d4 f6 5. Nf3 dxe4 6. Nfd2 f5 7. c4 Nf6 8. Nc3
Nc6 9. Nb3 Qf7 10. Be2 Bd6 11. c5 Be7 12. Bf4 Be6 13. Bxc7 O-O 14. Bf4 Rad8 15.
O-O Bxb3 16. Qxb3 Nxd4 17. Qxf7+ Kxf7 18. Bc4+ Kg6 19. Rad1 Bxc5 20. h3 a6 21.
a3 b5 22. Ba2 h6 23. Be3 Rd7 24. g3 Nf3+ 25. Kg2 Bxe3 26. fxe3 Rfd8 27. Be6
Rd2+ 28. Rxd2 Rxd2+ 29. Rf2 Ne1+ 30. Kf1 Rxf2+ 31. Kxf2 Nd3+ 32. Ke2 Nxb2 33.
Kd2 Nh5 34. g4 fxg4 35. Bxg4 Nf6 36. Be2 Kg5 37. Kc2 Nc4 38. a4 Nxe3+ 39. Kd2
Nc4+ 40. Ke1 Kh4 41. axb5 axb5 42. Nxb5 Ne5 43. Bf1 Kg3 44. Nd4 g6 45. Kd2 Nd5
46. Ne2+ Kf2 {Normal} 0-1

[Event "Rated Blitz game"]
[Site "?"]
[Date "2021.10.26"]
[Round "?"]
[White "donaldduk"]
[Black "KamranShirazi"]
[Result "0-1"]
[WhiteElo "2389"]
[BlackElo "2569"]
[PlyCount "44"]
[EventDate "2021.??.??"]
[EventType "blitz"]

1. e4 e5 2. Nf3 d5 3. Nxe5 Bd6 4. d4 dxe4 5. Nc4 Nc6 6. Nxd6+ Qxd6 7. c3 f5 8.
Bc4 Nf6 9. h3 Be6 10. Bxe6 Qxe6 11. Bf4 O-O-O 12. Nd2 Nd5 13. Be3 f4 14. c4
fxe3 15. cxd5 exd2+ 16. Qxd2 Rxd5 17. O-O Nxd4 18. Qe3 Rhd8 19. Rac1 R8d6 20.
b3 Nf3+ 21. gxf3 Qxh3 22. fxe4 Rg6+ {Normal} 0-1

[Event "Rated Blitz game"]
[Site "?"]
[Date "2021.10.26"]
[Round "?"]
[White "jacf18"]
[Black "MischieviousPawn"]
[Result "1-0"]
[WhiteElo "2548"]
[BlackElo "2525"]
[PlyCount "41"]
[EventDate "2021.??.??"]
[EventType "blitz"]

1. e4 e5 2. Nf3 d5 3. Nxe5 Bd6 4. d4 dxe4 5. Nc4 Nf6 6. Nxd6+ Qxd6 7. c4 Nc6 8.
d5 Ne5 9. Nc3 Bg4 10. Qa4+ Bd7 11. Qd1 Ng6 12. Be2 h5 13. h3 a6 14. Be3 O-O-O
15. Qb3 Nf4 16. c5 Qe5 17. c6 Nxg2+ 18. Kf1 Nxe3+ 19. fxe3 Bxh3+ 20. Rxh3 Qf5+
21. Rf3 {Normal} 1-0

[Event "Rated Blitz game"]
[Site "?"]
[Date "2021.10.26"]
[Round "?"]
[White "ShahinamAA"]
[Black "Annali-annaliew1979"]
[Result "1-0"]
[WhiteElo "2490"]
[BlackElo "2460"]
[PlyCount "53"]
[EventDate "2021.??.??"]
[EventType "blitz"]

1. e4 e5 2. Nf3 d5 3. d3 dxe4 4. dxe4 Qxd1+ 5. Kxd1 Nc6 6. c3 Bg4 7. Nbd2 Bc5
8. Ke1 f6 9. h3 Bh5 10. Bc4 Nge7 11. b4 Bb6 12. a4 a5 13. b5 Nd8 14. Ba3 Nf7
15. g4 Bg6 16. Ke2 O-O-O 17. Bxe7 Rde8 18. Ba3 Nd6 19. Bxd6 cxd6 20. Bd5 Kb8
21. Nc4 Bc7 22. b6 Bd8 23. Nxd6 Be7 24. Nxe8 Rxe8 25. Nh4 Bc5 26. Nxg6 hxg6 27.
h4 {Normal} 1-0

[Event "Rated Blitz game"]
[Site "?"]
[Date "2021.10.26"]
[Round "?"]
[White "fussi"]
[Black "MischieviousPawn"]
[Result "0-1"]
[WhiteElo "2508"]
[BlackElo "2499"]
[PlyCount "58"]
[EventDate "2021.??.??"]
[EventType "blitz"]

1. e4 e5 2. Nf3 d5 3. exd5 e4 4. Qe2 Nf6 5. d3 Qxd5 6. dxe4 Qxe4 7. Bg5 Bf5 8.
c3 Nc6 9. Bxf6 gxf6 10. Nbd2 Qe6 11. Nh4 O-O-O 12. Qxe6+ Bxe6 13. Bb5 Bh6 14.
Ndf3 Ne5 15. Nd4 c5 16. Nxe6 fxe6 17. O-O Rd2 18. b4 a6 19. Ba4 b5 20. Bb3 c4
21. Bd1 Rd3 22. a4 Kb7 23. axb5 axb5 24. f4 Nc6 25. Bf3 Rxc3 26. Bxc6+ Kxc6 27.
Ra6+ Kd5 28. f5 e5 29. Rxf6 Bg5 {Normal} 0-1

[Event "Rated Blitz game"]
[Site "?"]
[Date "2021.10.26"]
[Round "?"]
[White "ARDosina"]
[Black "KamranShirazi"]
[Result "0-1"]
[WhiteElo "2474"]
[BlackElo "2565"]
[PlyCount "92"]
[EventDate "2021.??.??"]
[EventType "blitz"]

1. e4 e5 2. Nf3 d5 3. Nxe5 Bd6 4. d4 dxe4 5. Nc4 Nc6 6. Nc3 f5 7. f3 Nf6 8.
fxe4 fxe4 9. Be2 Nxd4 10. Nxd6+ Qxd6 11. Be3 c5 12. Nb5 Qe7 13. Nxd4 cxd4 14.
Qxd4 O-O 15. O-O-O Be6 16. Qd6 Qf7 17. Rhf1 Bxa2 18. Rxf6 gxf6 19. b3 Rac8 20.
Kb2 Rxc2+ 21. Kxc2 Bxb3+ 22. Kb2 Bxd1 23. Bxd1 Qg7 24. Bb3+ Kh8 25. Bd4 h6 26.
g4 Kh7 27. Bd5 Re8 28. Bxf6 Qxg4 29. Qc7+ Kg6 30. Qf7+ Kf5 31. Bc3+ Kg5 32.
Qxe8 Qe2+ 33. Kb3 Qd1+ 34. Kb2 Qxd5 35. Qe5+ Qxe5 36. Bxe5 Kg4 37. Kc3 h5 38.
Kd2 Kf3 39. Bd4 a5 40. Bc5 b5 41. h4 b4 42. Kd1 e3 43. Ke1 b3 44. Ba3 Kg4 45.
Ke2 a4 46. Kxe3 Kxh4 {Time forfeit} 0-1

[Event "Rated Blitz tournament mfEOuhLn"]
[Site "?"]
[Date "2021.10.26"]
[Round "?"]
[White "kontraJako"]
[Black "championdemala"]
[Result "1-0"]
[WhiteElo "2793"]
[BlackElo "2385"]
[PlyCount "155"]
[EventDate "2021.??.??"]
[EventType "blitz"]

1. e4 e5 2. Nf3 d5 3. exd5 e4 4. Qe2 f5 5. d3 Nf6 6. Nbd2 Qxd5 7. Ng5 Nc6 8.
dxe4 fxe4 9. Ngxe4 Nxe4 10. Qxe4+ Qxe4+ 11. Nxe4 Nd4 12. Bd3 Be6 13. c3 Nf5 14.
Ng5 O-O-O 15. Bc2 Bd7 16. O-O Re8 17. Bf4 h6 18. Nf3 g5 19. Be5 Rg8 20. Rfe1
Bc5 21. Nd4 Rgf8 22. Nxf5 Bxf5 23. Bxf5+ Rxf5 24. Bd4 Rxe1+ 25. Rxe1 Bxd4 26.
cxd4 Rd5 27. Rd1 c5 28. Rc1 Rxd4 29. Rxc5+ Kd7 30. Rc1 Rd2 31. Rb1 Kd6 32. g4
Ke5 33. Kg2 Kf4 34. h3 b5 35. a3 a5 36. b4 a4 37. Rc1 Rd3 38. Rc5 Rxa3 39. Rxb5
Rb3 40. Rb6 a3 41. Rxh6 Rxb4 42. Ra6 Rb3 43. Ra5 Rc3 44. Rf5+ Ke4 45. Rxg5 a2
46. Ra5 Rc2 47. g5 Kd4 48. h4 Kc4 49. g6 Kb4 50. Ra8 Rc4 51. Rxa2 Rg4+ 52. Kh3
Rxg6 53. Rc2 Kb3 54. Rc8 Rf6 55. Kg3 Rg6+ 56. Kh3 Rf6 57. h5 Rxf2 58. Kg4 Rg2+
59. Kf5 Rf2+ 60. Kg6 Rg2+ 61. Kh7 Kb4 62. h6 Rg5 63. Kh8 Rd5 64. h7 Rf5 65. Kg7
Rg5+ 66. Kf6 Rh5 67. h8=Q Rxh8 68. Rxh8 Kc5 69. Rd8 Kc6 70. Ke6 Kc7 71. Rd6 Kb7
72. Kd5 Kc7 73. Kc5 Kb7 74. Rc6 Ka7 75. Rb6 Ka8 76. Kc6 Ka7 77. Kc7 Ka8 78.
Ra6# {Normal} 1-0

[Event "Rated Blitz game"]
[Site "?"]
[Date "2021.10.26"]
[Round "?"]
[White "OlegKas222"]
[Black "MischieviousPawn"]
[Result "0-1"]
[WhiteElo "2527"]
[BlackElo "2502"]
[PlyCount "88"]
[EventDate "2021.??.??"]
[EventType "blitz"]

1. e4 e5 2. Nf3 d5 3. exd5 e4 4. Ne5 Nf6 5. d4 Bd6 6. c4 O-O 7. Nc3 c6 8. dxc6
Nxc6 9. Nxc6 bxc6 10. Be2 Qc7 11. h3 Bf5 12. Be3 Rab8 13. b3 Bb4 14. Rc1 Rfe8
15. O-O Qd7 16. Qd2 Rbd8 17. Rfd1 h6 18. Bf4 e3 19. Bxe3 Ne4 20. Qe1 Nxc3 21.
Rxc3 Bxc3 22. Qxc3 Bxh3 23. gxh3 Qxh3 24. Rd3 Re6 25. Bf4 Rg6+ 26. Bg3 Re8 27.
Bf1 Qg4 28. Re3 Rd8 29. Bd3 Rg5 30. Re4 Qd1+ 31. Kg2 Rh5 32. Bf1 f5 33. Rf4 Rg5
34. Qf3 Qb1 35. Bd3 Qxa2 36. Rxf5 Qd2 37. Rxg5 Qxg5 38. Qe4 Qf6 39. Qh7+ Kf7
40. Qe4 Rxd4 41. Qxc6 Qxc6+ 42. Kf1 Rxd3 43. Ke2 Qf3+ 44. Kf1 Rd1# {Normal} 0-1

[Event "Rated Blitz game"]
[Site "?"]
[Date "2021.10.26"]
[Round "?"]
[White "Zeppski88"]
[Black "khalid_ontawar"]
[Result "1-0"]
[WhiteElo "2434"]
[BlackElo "2438"]
[PlyCount "81"]
[EventDate "2021.??.??"]
[EventType "blitz"]

1. e4 e5 2. Nf3 d5 3. Nxe5 Qe7 4. d4 f6 5. Ng4 dxe4 6. c4 Nc6 7. Ne3 Bd7 8. Nd5
Qd8 9. Bf4 Bd6 10. Bxd6 cxd6 11. Nbc3 Nge7 12. Qh5+ Kf8 13. O-O-O Nxd5 14. Nxd5
Ne7 15. Nc3 Qc8 16. h3 Bf5 17. Re1 a6 18. Nxe4 Bxe4 19. Rxe4 Ng6 20. Qd5 b5 21.
Qxd6+ Kf7 22. Qd5+ Kf8 23. Bd3 bxc4 24. Bxc4 Ra7 25. Rhe1 Rc7 26. b3 h5 27.
Qd6+ Ne7 28. Rxe7 Rxc4+ 29. Kb1 Qf5+ 30. R7e4+ Kg8 31. bxc4 Kh7 32. R1e2 Re8
33. f3 Rc8 34. Qf4 Qa5 35. Qd2 Rb8+ 36. Ka1 Qa3 37. Qc2 Kh6 38. g4 g6 39. gxh5
g5 40. Re6 Qxf3 41. Qg6# {Normal} 1-0

[Event "Rated Blitz game"]
[Site "?"]
[Date "2021.10.26"]
[Round "?"]
[White "z2win"]
[Black "khalid_ontawar"]
[Result "0-1"]
[WhiteElo "2509"]
[BlackElo "2409"]
[PlyCount "94"]
[EventDate "2021.??.??"]
[EventType "blitz"]

1. e4 e5 2. Nf3 d5 3. Nxe5 Qe7 4. d4 f6 5. Nf3 dxe4 6. Nfd2 Nc6 7. c3 Bd7 8.
Be2 O-O-O 9. O-O f5 10. b4 g5 11. Qa4 Kb8 12. b5 f4 13. bxc6 Bxc6 14. Bb5 Bxb5
15. Qxb5 f3 16. Re1 g4 17. Rxe4 Qf7 18. Rxg4 fxg2 19. Rxg2 Bd6 20. Nf1 Nf6 21.
Nbd2 h5 22. Nf3 h4 23. Ng5 Qh5 24. h3 Rhg8 25. Bd2 Ne4 26. Nxe4 Qxb5 27. Nxd6
Rxg2+ 28. Kxg2 Rg8+ 29. Kh2 Qd5 30. Ne3 Qxd6+ 31. Kh1 Qe6 32. Kh2 Qf6 33. Rf1
Qf4+ 34. Kh1 Qf3+ 35. Kh2 b6 36. Be1 Re8 37. Rg1 a5 38. Rg4 Qe2 39. Ng2 Qxa2
40. Rxh4 a4 41. d5 Kb7 42. Rd4 a3 43. d6 cxd6 44. Rxd6 Rxe1 45. Nxe1 Qxf2+ 46.
Ng2 a2 47. Rd1 Qb2 {Normal} 0-1

[Event "Rated Blitz game"]
[Site "?"]
[Date "2021.10.26"]
[Round "?"]
[White "Albator"]
[Black "Frutek"]
[Result "0-1"]
[WhiteElo "2452"]
[BlackElo "2495"]
[PlyCount "78"]
[EventDate "2021.??.??"]
[EventType "blitz"]

1. e4 e5 2. Nf3 d5 3. exd5 e4 4. Qe2 Nf6 5. Nc3 Bb4 6. Nxe4 O-O 7. Nxf6+ Qxf6
8. Kd1 Bg4 9. h3 Bxf3 10. Qxf3 Qxf3+ 11. gxf3 Nd7 12. c3 Bd6 13. Bc4 a5 14. d4
a4 15. a3 Rfe8 16. Be3 f5 17. f4 Nf6 18. Rg1 Kf7 19. Kc2 g6 20. Rae1 Nh5 21.
Bd2 Kf6 22. Bb5 Re4 23. f3 Rxe1 24. Rxe1 Bxf4 25. Re6+ Kg5 26. Be1 Bg3 27. Bxg3
Nxg3 28. Re7 Kf4 29. Rxh7 Kxf3 30. c4 Ke3 31. Kc3 f4 32. c5 Ne4+ 33. Kb4 f3 34.
Re7 f2 35. d6 cxd6 36. cxd6 Rd8 37. d7 Kxd4 38. Rxe4+ Kxe4 39. Kxa4 Rxd7 {
Normal} 0-1

[Event "Rated Blitz game"]
[Site "?"]
[Date "2021.10.26"]
[Round "?"]
[White "chesssupersam"]
[Black "khalid_ontawar"]
[Result "0-1"]
[WhiteElo "2484"]
[BlackElo "2464"]
[PlyCount "30"]
[EventDate "2021.??.??"]
[EventType "blitz"]

1. e4 e5 2. Nf3 d5 3. Nxe5 Qe7 4. d4 f6 5. Qh5+ g6 6. Nxg6 Qxe4+ 7. Be2 Qxg6 8.
Qxd5 h5 9. O-O Bd6 10. Bd3 Qg7 11. Re1+ Ne7 12. c4 Kd8 13. Qa5 Nbc6 14. Qa4
Nxd4 15. Be4 f5 {Normal} 0-1

[Event "Rated Blitz game"]
[Site "?"]
[Date "2021.10.26"]
[Round "?"]
[White "LabutinAa"]
[Black "MischieviousPawn"]
[Result "0-1"]
[WhiteElo "2610"]
[BlackElo "2518"]
[PlyCount "138"]
[EventDate "2021.??.??"]
[EventType "blitz"]

1. e4 e5 2. Nf3 d5 3. Qe2 Nf6 4. exd5 e4 5. d3 Qxd5 6. dxe4 Qxe4 7. Nc3 Bb4 8.
Bd2 Qxe2+ 9. Bxe2 Nc6 10. O-O Be6 11. a3 Ba5 12. Bg5 O-O-O 13. Rfd1 h6 14. Bh4
g5 15. Bg3 Bxc3 16. bxc3 Ne4 17. c4 Nxg3 18. hxg3 Rxd1+ 19. Rxd1 Rd8 20. Rb1
Nd4 21. Bd3 Nxf3+ 22. gxf3 Rd4 23. c5 Rd5 24. Be4 Rxc5 25. Bxb7+ Kd7 26. Be4
Bd5 27. Rd1 Kc6 28. Rd2 Bxe4 29. fxe4 Rc3 30. a4 Rc4 31. e5 Re4 32. Kg2 Rxe5
33. Kf3 f5 34. Rd8 Ra5 35. Rh8 Rxa4 36. Rxh6+ Kd5 37. Rf6 g4+ 38. Ke3 Ra3+ 39.
Ke2 Ke5 40. Rc6 a5 41. Rxc7 Ra1 42. Ke3 a4 43. Rc5+ Ke6 44. Kd2 a3 45. Kc3 a2
46. Kb2 Rf1 47. Kxa2 Rxf2 48. Kb2 Rf3 49. Rc6+ Kd5 50. Rf6 Ke5 51. Rf8 Rxg3 52.
c4 Rh3 53. c5 Rh7 54. Kb3 Rg7 55. Re8+ Kf4 56. Kc4 g3 57. Re1 g2 58. Rg1 Kf3
59. c6 Kf2 60. Rd1 g1=Q 61. Rd2+ Ke3 62. Rd3+ Ke4 63. Rd7 Ke5 64. c7 Qf1+ 65.
Kc5 Rxd7 66. c8=Q Qc1+ 67. Kb6 Qxc8 68. Kb5 Rb7+ 69. Ka4 Qa8# {Normal} 0-1

[Event "Rated Blitz game"]
[Site "?"]
[Date "2021.10.26"]
[Round "?"]
[White "ChessTheory64"]
[Black "MischieviousPawn"]
[Result "0-1"]
[WhiteElo "2539"]
[BlackElo "2491"]
[PlyCount "42"]
[EventDate "2021.??.??"]
[EventType "blitz"]

1. e4 e5 2. Nf3 d5 3. Nxe5 Bd6 4. d4 dxe4 5. Bc4 Bxe5 6. dxe5 Qxd1+ 7. Kxd1 Nc6
8. Bf4 Bg4+ 9. Kc1 Nge7 10. e6 Bxe6 11. Bxe6 fxe6 12. Bxc7 Nd5 13. Bg3 h5 14.
h4 O-O 15. Nd2 e3 16. Nf3 exf2 17. Bxf2 Ne5 18. Bc5 Rf5 19. Nxe5 Rxe5 20. Kd2
Nf4 21. Rae1 Rxc5 {Normal} 0-1

[Event "Rated Blitz game"]
[Site "?"]
[Date "2021.10.26"]
[Round "?"]
[White "spielen_lernen"]
[Black "Annali-annaliew1979"]
[Result "1-0"]
[WhiteElo "2439"]
[BlackElo "2460"]
[PlyCount "93"]
[EventDate "2021.??.??"]
[EventType "blitz"]

1. e4 e5 2. Nf3 d5 3. exd5 e4 4. Qe2 f5 5. d3 Nf6 6. Nbd2 Be7 7. dxe4 fxe4 8.
Nxe4 Nxe4 9. Qxe4 O-O 10. Bd3 Bf5 11. Qc4 Bxd3 12. Qxd3 Bd6 13. O-O Nd7 14. Bd2
Qe8 15. Rae1 Qh5 16. h3 a6 17. Qe3 h6 18. Qe6+ Rf7 19. c4 Nc5 20. Qg4 Qxg4 21.
hxg4 Nd3 22. Rb1 Re8 23. b4 b6 24. Rb3 Nf4 25. Re1 Rxe1+ 26. Bxe1 Re7 27. Kf1
Re4 28. Nd2 Rd4 29. g3 Nd3 30. a3 Nxe1 31. Kxe1 a5 32. f4 a4 33. Re3 g5 34. Re4
Rxe4+ 35. Nxe4 Kf7 36. Nxd6+ cxd6 37. Ke2 Kf6 38. Ke3 Ke7 39. Ke4 Kf6 40. Kd4
Ke7 41. c5 dxc5+ 42. bxc5 bxc5+ 43. Kxc5 Kd7 44. d6 Ke6 45. Kc6 gxf4 46. gxf4
Kf6 47. d7 {Normal} 1-0

[Event "Rated Blitz game"]
[Site "?"]
[Date "2021.10.26"]
[Round "?"]
[White "dioniwo"]
[Black "khalid_ontawar"]
[Result "0-1"]
[WhiteElo "2509"]
[BlackElo "2449"]
[PlyCount "46"]
[EventDate "2021.??.??"]
[EventType "blitz"]

1. e4 e5 2. Nf3 d5 3. d4 dxe4 4. Nxe5 Be6 5. Nc3 Nf6 6. f3 exf3 7. Nxf3 Bb4 8.
Bd3 Nd5 9. Bd2 Bxc3 10. bxc3 O-O 11. O-O Nb6 12. Rb1 Bc4 13. Bxh7+ Kxh7 14.
Ng5+ Kg6 15. Qg4 f5 16. Qg3 Qe8 17. Rfe1 Qd7 18. h4 Nc6 19. h5+ Kxh5 20. Qh3+
Kg6 21. Qh7+ Kf6 22. Nf3 Rh8 23. Bg5+ Kf7 {Normal} 0-1

[Event "Rated Blitz game"]
[Site "?"]
[Date "2021.10.26"]
[Round "?"]
[White "templario77"]
[Black "Annali-annaliew1979"]
[Result "0-1"]
[WhiteElo "2618"]
[BlackElo "2441"]
[PlyCount "22"]
[EventDate "2021.??.??"]
[EventType "blitz"]

1. e4 e5 2. Nf3 d5 3. Nc3 dxe4 4. Nxe4 f5 5. Nxe5 fxe4 6. Qh5+ g6 7. Nxg6 hxg6
8. Qxh8 Be6 9. d3 Qe7 10. dxe4 Bg7 11. Qh7 Bc3+ {Normal} 0-1

[Event "Rated Blitz game"]
[Site "?"]
[Date "2021.10.26"]
[Round "?"]
[White "Jimbaba"]
[Black "Annali-annaliew1979"]
[Result "1-0"]
[WhiteElo "2474"]
[BlackElo "2449"]
[PlyCount "35"]
[EventDate "2021.??.??"]
[EventType "blitz"]

1. e4 e5 2. Nf3 d5 3. Nxe5 Qe7 4. d4 f6 5. Nf3 dxe4 6. Nfd2 f5 7. Nc4 Nf6 8.
Nc3 Nc6 9. Bg5 Qf7 10. Ne5 Qe6 11. Bc4 Qe7 12. Nd5 Nxd5 13. Bxe7 Ncxe7 14. Bxd5
Nxd5 15. Qh5+ Ke7 16. Qf7+ Kd6 17. c4 Nf6 18. c5# {Normal} 1-0

[Event "Rated Blitz game"]
[Site "?"]
[Date "2021.10.26"]
[Round "?"]
[White "Napo18"]
[Black "MischieviousPawn"]
[Result "1-0"]
[WhiteElo "2703"]
[BlackElo "2524"]
[PlyCount "85"]
[EventDate "2021.??.??"]
[EventType "blitz"]

1. e4 e5 2. Nf3 d5 3. d3 dxe4 4. dxe4 Qxd1+ 5. Kxd1 Bg4 6. Be2 Nc6 7. c3 f5 8.
Ne1 O-O-O+ 9. Nd2 Nf6 10. f3 fxe4 11. fxg4 e3 12. Kc2 exd2 13. Bxd2 Ne4 14. Be3
Bc5 15. Bxc5 Nxc5 16. Bb5 Ne4 17. Nf3 Nf2 18. Rhe1 Nxg4 19. Bxc6 bxc6 20. h3 e4
21. Rxe4 Nf6 22. Re7 Rhe8 23. Rae1 Rxe7 24. Rxe7 Rd7 25. Re5 Rd5 26. Re7 Rd7
27. Re2 Nd5 28. Nd4 c5 29. Nb3 c4 30. Na5 Nf4 31. Rf2 Nd3 32. Rf8+ Rd8 33.
Rxd8+ Kxd8 34. Nxc4 Ne1+ 35. Kd2 Nxg2 36. Ne5 Ke8 37. b4 a6 38. a4 Nf4 39. a5
Nxh3 40. b5 axb5 41. a6 Ng5 42. a7 Ne4+ 43. Kc2 {Normal} 1-0